[Event "Sables d'Olonne op 6th"]
[Site "Sables d'Olonne"]
[Date "2019.07.18"]
[Round "8"]
[White "Casanave, Matthieu"]
[Black "Frick, Christoph"]
[Result "0-1"]
[WhiteElo "1292"]
[BlackElo "2134"]
[PlyCount "88"]
[EventDate "2019.07.13"]
[EventType "swiss"]
[EventRounds "9"]
[EventCountry "FRA"]
[SourceTitle "EXT 2020"]
[Source "ChessBase"]
[SourceDate "2019.10.17"]
[SourceVersion "1"]
[SourceVersionDate "2019.10.17"]
[SourceQuality "1"]

1. e4 c6 2. d4 d5 3. Nc3 dxe4 4. Nxe4 Nf6 5. Nxf6+ exf6 6. Nf3 Bd6 7. Bd3 0-0 8. h3 Re8+ 9. Be3 Nd7 10. 0-0 Nf8 11. Qd2 Ng6 12. c3 Be6 13. Rfe1 Qd7 14. Bxg6 hxg6 15. Bf4 Rad8 16. a3 g5 17. Bxd6 Qxd6 18. Nh2 c5 19. Rad1 Bb3 20. Rxe8+ Rxe8 21. Rc1 Bc4 22. Nf3 Re2 23. Qd1 Rxb2 24. Rb1 Be2 25. Qe1 Rxb1 26. Qxb1 Bxf3 27. gxf3 cxd4 28. Qd1 d3 29. Kf1 Qd7 30. Ke1 Qe6+ 31. Kd2 Qa2+ 32. Ke1 Qxa3 33. Qxd3 g6 34. Qc4 Qe7+ 35. Kf1 Qd7 36. Kg2 Kg7 37. Qc5 a6 38. Qb6 Qb5 39. Qd4 a5 40. c4 Qb4 41. Kf1 b5 42. Ke2 Qxc4+ 43. Qxc4 bxc4 44. Kd2 a4 0-1